[Event "Druga liga Srbije- Grupa Vojvodina 2014"]
[Site "Kac, hotel "]
[Date "2014.11.11"]
[Round "5.4"]
[White "Drazic, Sinisa"]
[Black "Vujadinovic, Goran"]
[Result "1/2-1/2"]
[WhiteElo "2429"]
[BlackElo "2346"]
[PlyCount "100"]
[EventDate "2014.11.08"]

1. e4 d6 2. d4 g6 3. Nc3 Bg7 4. Bg5 h6 5. Bh4 c5 6. dxc5 Qa5 7. Nge2 dxc5 8.
Qd2 Nc6 9. O-O-O Be6 10. f3 Rd8 11. Nd5 Rxd5 12. exd5 Qxa2 13. Qd3 Bxb2+ 14.
Kd2 Bxd5 15. Nc3 Qa5 16. Rb1 Bxc3+ 17. Qxc3 Qxc3+ 18. Kxc3 b6 19. Bb5 Kf8 20.
Bxc6 Bxc6 21. Ra1 f5 22. Rxa7 g5 23. Rc7 Bd5 24. Bf2 Nf6 25. Re1 Rh7 26. Re5 e6
27. Rxh7 Nxh7 28. Kd3 Ke7 29. c4 Bc6 30. Re2 Nf6 31. Be1 Nd7 32. Bc3 Kd6 33.
Bg7 h5 34. Bh6 g4 35. Ke3 e5 36. f4 b5 37. fxe5+ Nxe5 38. Bf8+ Ke6 39. Bxc5
Nxc4+ 40. Kf4+ Be4 41. Kg5 Kd5 42. Bf8 Ne5 43. Bg7 Nd3 44. g3 b4 45. Rd2 b3 46.
Kxh5 Kc4 47. Kg5 Kb4 48. Bf6 Ka3 49. Be7+ Ka4 50. Bf6 Ka3 1/2-1/2

[Event "Druga liga Srbije- Grupa Vojvodina 2014"]
[Site "Kac, hotel "]
[Date "2014.11.11"]
[Round "5.4"]
[White "Kolognat, Petar"]
[Black "Ljubisavljevic, Zivojin Z"]
[Result "1/2-1/2"]
[WhiteElo "2294"]
[BlackElo "2158"]
[PlyCount "34"]
[EventDate "2014.11.08"]

1. d4 Nf6 2. Nc3 d5 3. Bg5 e6 4. e4 dxe4 5. Bxf6 gxf6 6. Nxe4 f5 7. Ng3 c5 8.
dxc5 Qxd1+ 9. Rxd1 Bxc5 10. Nf3 Nc6 11. Bc4 a6 12. O-O h5 13. Rfe1 Kf8 14. h4
b5 15. Bb3 Be7 16. c3 Na5 17. Ng5 Nxb3 1/2-1/2

[Event "Druga liga Srbije- Grupa Vojvodina 2014"]
[Site "Kac, hotel "]
[Date "2014.11.11"]
[Round "5.4"]
[White "Dragojlovic, Andjelko"]
[Black "Mastrapovic, Vladimir"]
[Result "1/2-1/2"]
[WhiteElo "2290"]
[BlackElo "2274"]
[PlyCount "132"]
[EventDate "2014.11.08"]

1. e4 c5 2. g3 Nc6 3. Bg2 g6 4. Ne2 Bg7 5. c3 d6 6. h3 e5 7. a3 Be6 8. d3 Qd7
9. b4 Nge7 10. Nd2 O-O 11. g4 Rad8 12. b5 Na5 13. c4 f5 14. gxf5 gxf5 15. Nc3
Ng6 16. exf5 Bxf5 17. Bd5+ Kh8 18. Nde4 Nf4 19. Bxf4 exf4 20. Rb1 f3 21. Kd2
Nc6 22. bxc6 bxc6 23. Qa4 cxd5 24. Qxd7 Rxd7 25. Nxd5 Bd4 26. Ndc3 Rg8 27. h4
h6 28. Ng3 Bh7 29. Nge4 Rg2 30. Rh3 Rf7 31. Rf1 Be5 32. Kc2 Rg4 33. Re1 Rg2 34.
Nd1 Bxe4 35. dxe4 Bd4 36. Rf1 Rg4 37. Kd3 Rb7 38. Kc2 Rxe4 39. Rxf3 Be5 40. Ne3
Rb2+ 41. Kc1 Ra2 42. Rd1 Rxa3 43. Kc2 Rc3+ 44. Kd2 Ra3 45. Rb1 Rf4 46. Rb8+ Kh7
47. Rxf4 Bxf4 48. h5 Kg7 49. Ke2 Kf7 50. Nd5 Ra2+ 51. Kf1 Be5 52. f4 Bd4 53.
Rb7+ Ke6 54. Rh7 a5 55. Rxh6+ Kf5 56. Rxd6 a4 57. Ne7+ Kxf4 58. Nc6 Kf3 59.
Nxd4+ cxd4 60. Rf6+ Ke4 61. h6 d3 62. c5 Re2 63. Re6+ Kd5 64. Rd6+ Kxc5 65.
Rxd3 Rh2 66. Ke1 Rxh6 1/2-1/2

[Event "Druga liga Srbije- Grupa Vojvodina 2014"]
[Site "Kac, hotel "]
[Date "2014.11.11"]
[Round "5.4"]
[White "Bogic, Stevan"]
[Black "Jovic, Stevan"]
[Result "1/2-1/2"]
[WhiteElo "2199"]
[BlackElo "2273"]
[PlyCount "85"]
[EventDate "2014.11.08"]

1. e4 c6 2. d4 d5 3. Nd2 dxe4 4. Nxe4 Bf5 5. Nc5 Qc8 6. Nf3 e6 7. Nb3 Nf6 8. g3
Nbd7 9. Bg2 Bd6 10. O-O h6 11. Qe2 O-O 12. Re1 Qc7 13. c3 Rfe8 14. Be3 Bg4 15.
Qd2 Rad8 16. h3 Bf5 17. g4 Bh7 18. g5 Ne4 19. Qc1 hxg5 20. Nxg5 Nxg5 21. Bxg5
f6 22. Be3 Bf5 23. c4 Kf7 24. Nd2 Rh8 25. c5 Bh2+ 26. Kf1 Bxh3 27. Nc4 b5 28.
Nd2 Rh4 29. Bxh3 Rxh3 30. Ke2 Rdh8 31. Nf3 Qd8 32. Bf4 Bxf4 33. Qxf4 R3h5 34.
Rg1 Rf5 35. Qe4 Nb8 36. a4 Qd5 37. Nd2 b4 38. Qg4 g5 39. Ne4 Rf4 40. Nd6+ Ke7
41. Qxf4 gxf4 42. Rg7+ Kd8 43. Nb7+ 1/2-1/2

[Event "Druga liga Srbije- Grupa Vojvodina 2014"]
[Site "Kac, hotel "]
[Date "2014.11.11"]
[Round "5.4"]
[White "Dimitrijevic, Nenad"]
[Black "Markovic, Dragan M"]
[Result "1-0"]
[WhiteElo "2246"]
[BlackElo "2017"]
[PlyCount "139"]
[EventDate "2014.11.08"]

1. e4 e5 2. Nf3 Nc6 3. Bb5 d6 4. O-O Bd7 5. c3 g6 6. d4 Bg7 7. Re1 Nge7 8. dxe5
dxe5 9. Nbd2 O-O 10. Nf1 h6 11. Ng3 Be6 12. Qe2 Qc8 13. Bc4 Nd8 14. Be3 Bxc4
15. Qxc4 Ne6 16. Rad1 Rd8 17. h4 c6 18. h5 g5 19. a4 Qc7 20. Nh2 b6 21. Ng4
Rxd1 22. Rxd1 Rd8 23. Re1 Nf4 24. Bxf4 gxf4 25. Nf5 Nxf5 26. exf5 Qd7 27. Qe4
f6 28. Nh2 Qd5 29. Nf3 Rd6 30. b4 Qb3 31. Rc1 Qd5 32. Qe2 Rd8 33. Rc2 Qf7 34.
Nd2 Qd7 35. Qe4 Bf8 36. Kh2 Qf7 37. Qf3 Kh8 38. Ne4 Bg7 39. Rd2 Rxd2 40. Nxd2
Qd7 41. Ne4 Qxf5 42. b5 c5 43. Nd6 Qd7 44. Qa8+ Kh7 45. Qe4+ Kh8 46. Qd5 Kh7
47. c4 f5 48. Qc6 Qe6 49. Ne8 Qf7 50. Kg1 Qxh5 51. Qd7 Qg6 52. Kf1 e4 53. Nxg7
Qxg7 54. Qxf5+ Kh8 55. Qxe4 Qa1+ 56. Ke2 Qxa4 57. Qxf4 Qc2+ 58. Kf3 Qd3+ 59.
Kg4 Qg6+ 60. Kh3 Qh5+ 61. Kg3 Qg6+ 62. Qg4 Qd6+ 63. Kh3 Qd3+ 64. Kh4 Qd8+ 65.
Kh5 Qd6 66. Qc8+ Kg7 67. Qg4+ Kh7 68. Qf5+ Kg7 69. f4 Qd1+ 70. Qg4+ 1-0

[Event "Druga liga Srbije- Grupa Vojvodina 2014"]
[Site "Kac, hotel "]
[Date "2014.11.11"]
[Round "5.5"]
[White "Drasko, Milan"]
[Black "Stojanovic, Dalibor"]
[Result "1/2-1/2"]
[WhiteElo "2435"]
[BlackElo "2504"]
[PlyCount "25"]
[EventDate "2014.11.08"]

1. Nf3 d5 2. g3 Nf6 3. Bg2 c6 4. O-O Bg4 5. d3 Nbd7 6. Qe1 e5 7. e4 dxe4 8.
dxe4 Bc5 9. Nbd2 O-O 10. h3 Bxf3 11. Bxf3 Re8 12. a4 Bf8 13. Qe2 1/2-1/2

[Event "Druga liga Srbije- Grupa Vojvodina 2014"]
[Site "Kac, hotel "]
[Date "2014.11.11"]
[Round "5.5"]
[White "Ratkovic, Miloje"]
[Black "Vlahovic, Bogdan"]
[Result "0-1"]
[WhiteElo "2376"]
[BlackElo "2323"]
[PlyCount "132"]
[EventDate "2014.11.08"]

1. d4 Nf6 2. c4 e6 3. Nf3 Bb4+ 4. Nbd2 b6 5. a3 Bxd2+ 6. Qxd2 Bb7 7. e3 d6 8.
Be2 Nbd7 9. O-O O-O 10. b3 Qe7 11. Bb2 Ne4 12. Qc2 f5 13. Rad1 c5 14. Ne1 Qg5
15. Bc1 Qe7 16. f3 Nef6 17. Bb2 Rac8 18. Nd3 e5 19. dxe5 dxe5 20. Nf2 e4 21. f4
Rcd8 22. Rd2 Nb8 23. Rfd1 Nc6 24. Qc3 Bc8 25. Rxd8 Rxd8 26. Rxd8+ Nxd8 27. Qe5
Qxe5 28. Bxe5 Kf7 29. h3 Nc6 30. Bc3 Ne8 31. g4 g6 32. Kg2 Nd6 33. Kg3 Be6 34.
Nh1 a6 35. a4 Ke7 36. Kh4 Nb4 37. Ng3 Nc2 38. Bd2 h6 39. Bd1 Nb4 40. Bc3 Nd3
41. Bg7 Ne1 42. Nf1 Nf7 43. gxf5 Bxf5 44. Bg4 Be6 45. Bc3 Nd3 46. Kg3 Nd6 47.
Nd2 h5 48. Bxe6 Kxe6 49. Kh4 Nf2 50. Kg3 Nd1 51. Be5 Nxe3 52. Kf2 Nef5 53. Ke2
Nd4+ 54. Ke3 Nc2+ 55. Ke2 e3 56. Nf3 Nf5 57. Kd3 Ncd4 58. Nxd4+ cxd4 59. Bc7
Ne7 60. Bxb6 Nc6 61. a5 Kf5 62. Bc5 Kxf4 63. Ke2 Ke4 64. b4 g5 65. b5 d3+ 66.
Kd1 axb5 0-1

[Event "Druga liga Srbije- Grupa Vojvodina 2014"]
[Site "Kac, hotel "]
[Date "2014.11.11"]
[Round "5.5"]
[White "Lalic, Dragan"]
[Black "Ratkovic, Milovan"]
[Result "1/2-1/2"]
[WhiteElo "2263"]
[BlackElo "2332"]
[PlyCount "29"]
[EventDate "2014.11.08"]

1. e4 c5 2. d4 cxd4 3. c3 d3 4. Bxd3 d6 5. c4 Nf6 6. Nc3 Nc6 7. h3 e6 8. Nf3
Be7 9. O-O O-O 10. a3 b6 11. b4 Bb7 12. Be3 Rc8 13. Rc1 Nd7 14. Be2 Nce5 15.
Nd2 1/2-1/2

[Event "Druga liga Srbije- Grupa Vojvodina 2014"]
[Site "Kac, hotel "]
[Date "2014.11.11"]
[Round "5.5"]
[White "Vucinic, Gojko"]
[Black "Mijatovic, Dejan"]
[Result "0-1"]
[WhiteElo "2296"]
[BlackElo "2251"]
[PlyCount "70"]
[EventDate "2014.11.08"]

1. e4 c6 2. d4 d5 3. e5 Bf5 4. h4 h5 5. Bd3 Bxd3 6. Qxd3 e6 7. Bg5 Qb6 8. Nd2
c5 9. c4 Qxb2 10. Rb1 Qxd4 11. Qxd4 cxd4 12. cxd5 b6 13. dxe6 fxe6 14. Ngf3 Nc6
15. O-O Nge7 16. Rfc1 Kd7 17. Nb3 Nd5 18. Nbxd4 Nxd4 19. Nxd4 Bc5 20. Nb3 Ba3
21. Rd1 Rac8 22. Rd2 Bb4 23. Rd4 Rhf8 24. Rbd1 a5 25. Bd2 Be7 26. Rc1 Rxc1+ 27.
Bxc1 Rf5 28. Bb2 Rxe5 29. Rd1 Re2 30. Bxg7 Bxh4 31. g3 Be7 32. a4 Ra2 33. Rd4
Ra3 34. Nd2 Bc5 35. Rh4 Rxg3+ 0-1

[Event "Druga liga Srbije- Grupa Vojvodina 2014"]
[Site "Kac, hotel "]
[Date "2014.11.11"]
[Round "5.5"]
[White "Sevo, Dusan"]
[Black "Munizaba, Slobodan"]
[Result "0-1"]
[WhiteElo "2232"]
[BlackElo "2335"]
[PlyCount "54"]
[EventDate "2014.11.08"]

1. g3 e5 2. Bg2 d5 3. d3 Nf6 4. Nd2 Nc6 5. e4 g6 6. Ngf3 Bg7 7. O-O O-O 8. Re1
Re8 9. c3 b6 10. exd5 Nxd5 11. Ng5 Bb7 12. h4 h6 13. Ngf3 Qd7 14. Qa4 Rad8 15.
Bf1 f5 16. Qc2 Nf6 17. Nc4 Qd5 18. Be2 b5 19. Ne3 Qf7 20. b4 a6 21. Nd2 Ne7 22.
Nb3 f4 23. Nf1 Qd5 24. f3 Nf5 25. gxf4 Nxh4 26. Nh2 exf4 27. Nc5 Qg5+ 0-1

[Event "Druga liga Srbije- Grupa Vojvodina 2014"]
[Site "Kac, hotel "]
[Date "2014.11.11"]
[Round "5.5"]
[White "Ratkovic, Petar"]
[Black "Adamov, Ivan"]
[Result "0-1"]
[WhiteElo "1830"]
[BlackElo "1947"]
[PlyCount "68"]
[EventDate "2014.11.08"]

1. d4 Nf6 2. Nf3 g6 3. Nc3 d5 4. Bf4 Bg7 5. e3 c6 6. Be2 O-O 7. O-O Nbd7 8. Ne5
Ne8 9. Na4 Nxe5 10. Bxe5 f6 11. Bg3 e5 12. c4 dxc4 13. Bxc4+ Kh8 14. dxe5 Qxd1
15. Raxd1 b5 16. e6 bxc4 17. Rd8 f5 18. Bh4 Nc7 19. e7 Rg8 20. Bg3 Ne8 21. Bh4
Nc7 22. Bg3 Ne8 23. Bh4 Be5 24. Rfd1 Kg7 25. Nc5 Bf6 26. Bg3 Bxe7 27. Ne6+ Kf7
28. Rxe8 Rxe8 29. Nc7 Be6 30. Nxa8 Rxa8 31. Bc7 Rc8 32. Ba5 Rb8 33. Rb1 Bf6 34.
b3 cxb3 0-1

[Event "Druga liga Srbije- Grupa Vojvodina 2014"]
[Site "Kac, hotel "]
[Date "2014.11.11"]
[Round "5.6"]
[White "Indjic, Dusan"]
[Black "Bokros, Albert"]
[Result "0-1"]
[WhiteElo "2287"]
[BlackElo "2485"]
[PlyCount "68"]
[EventDate "2014.11.08"]

1. d4 e6 2. Nf3 c5 3. g3 b6 4. Bg2 Bb7 5. c4 cxd4 6. O-O Nf6 7. b3 Bxf3 8. Bxf3
Nc6 9. Bb2 Bc5 10. Na3 Rc8 11. Nc2 e5 12. a3 O-O 13. b4 Be7 14. e4 Nb8 15. Qd3
Qc7 16. Be2 b5 17. c5 d6 18. f4 dxc5 19. fxe5 Nfd7 20. e6 fxe6 21. Qxb5 e5 22.
bxc5 Nxc5 23. Nb4 Nbd7 24. Qc4+ Kh8 25. Rf7 Nb6 26. Rxf8+ Rxf8 27. Qc2 Qb7 28.
Bd3 a5 29. Na2 Nxd3 30. Qxd3 Na4 31. Bc1 Nc5 32. Rb1 Qxe4 33. Qxe4 Nxe4 34. Rb5
Bc5 0-1

[Event "Druga liga Srbije- Grupa Vojvodina 2014"]
[Site "Kac, hotel "]
[Date "2014.11.11"]
[Round "5.6"]
[White "Somborski, Nebojsa"]
[Black "Stamenkovic, Aleksandar"]
[Result "1/2-1/2"]
[WhiteElo "2318"]
[BlackElo "2284"]
[PlyCount "126"]
[EventDate "2014.11.08"]

1. e4 d5 2. exd5 Qxd5 3. Nc3 Qd6 4. d4 Nf6 5. Nf3 g6 6. Nb5 Qb6 7. Na3 c6 8.
Nc4 Qd8 9. Nce5 Nbd7 10. Bc4 Nxe5 11. Nxe5 Nd5 12. O-O Bg7 13. Re1 O-O 14. c3
Be6 15. Bb3 Qc8 16. h3 Nc7 17. Bc2 Bf5 18. Bb3 Be6 19. Bc2 Bf5 20. Bxf5 Qxf5
21. Ng4 Qd7 22. Bh6 Ne6 23. Qd2 Rfe8 24. Bxg7 Kxg7 25. Re4 Nf8 26. Rae1 f5 27.
Ne5 Qd6 28. R4e2 Rad8 29. Nc4 Qf6 30. b4 Rd7 31. f4 b6 32. Ne5 Rd6 33. Qe3 Red8
34. Qf3 R8d7 35. Re3 h6 36. Qe2 Qh4 37. Nf3 Qf6 38. Rxe7+ Rxe7 39. Qxe7+ Kg8
40. Qxf6 Rxf6 41. Re7 Re6 42. Rc7 Rd6 43. Ne5 c5 44. bxc5 bxc5 45. Rxc5 Ne6 46.
Rc8+ Kg7 47. g3 g5 48. fxg5 Nxg5 49. h4 Ne4 50. Kg2 Re6 51. Rc7+ Kg8 52. Kf3
Ra6 53. Kf4 Ra3 54. c4 Nxg3 55. c5 Ne2+ 56. Kxf5 Nxd4+ 57. Kf6 Rxa2 58. Rc8+
Kh7 59. Rc7+ Kg8 60. Rg7+ Kf8 61. Rf7+ Kg8 62. Rg7+ Kf8 63. Rf7+ Kg8 1/2-1/2

[Event "Druga liga Srbije- Grupa Vojvodina 2014"]
[Site "Kac, hotel "]
[Date "2014.11.11"]
[Round "5.6"]
[White "Stanojevic, Branko"]
[Black "Bodiroga, Predrag"]
[Result "1/2-1/2"]
[WhiteElo "2247"]
[BlackElo "2358"]
[PlyCount "25"]
[EventDate "2014.11.08"]

1. Nf3 d6 2. d4 Bg4 3. e4 g6 4. h3 Bxf3 5. Qxf3 Bg7 6. Bc4 e6 7. c3 Ne7 8. O-O
O-O 9. Bg5 Nd7 10. Qe3 Re8 11. Nd2 c5 12. dxc5 dxc5 13. Bb5 1/2-1/2

[Event "Druga liga Srbije- Grupa Vojvodina 2014"]
[Site "Kac, hotel "]
[Date "2014.11.11"]
[Round "5.6"]
[White "Kovacevic, Djordje"]
[Black "Perisic, Radivoj"]
[Result "0-1"]
[WhiteElo "2122"]
[BlackElo "2323"]
[PlyCount "105"]
[EventDate "2014.11.08"]

1. d4 Nf6 2. Nf3 e6 3. c3 b6 4. g3 Bb7 5. Bg2 c5 6. O-O Be7 7. Bg5 O-O 8. e3 h6
9. Bxf6 Bxf6 10. Nbd2 d5 11. Ne5 Bxe5 12. dxe5 Nc6 13. f4 b5 14. a4 b4 15. Nb3
bxc3 16. bxc3 Ba6 17. Rf2 Qe7 18. e4 d4 19. cxd4 Nxd4 20. Nxd4 Rfd8 21. Rd2
cxd4 22. Bf1 d3 23. Rc1 Qb4 24. Bg2 Qd4+ 25. Kh1 Rab8 26. Qg1 Qb4 27. Qe3 Qa5
28. h4 Rd7 29. Kh2 Rbd8 30. Rc5 Qxa4 31. f5 Qd4 32. Qxd4 Rxd4 33. Ra5 Bb7 34.
Rxa7 Bxe4 35. fxe6 fxe6 36. Bh3 Bd5 37. Kg1 Rf8 38. Bg2 Rf5 39. Bxd5 Rxd5 40.
Ra3 Rfxe5 41. Raxd3 Rxd3 42. Rxd3 Kf7 43. Kf2 h5 44. Kf3 Rf5+ 45. Ke4 Kf6 46.
Rd8 Rb5 47. Rf8+ Ke7 48. Rf3 Rb1 49. Kf4 Kf6 50. Ke4+ Kg6 51. Re3 Rb2 52. Rf3
Ra2 53. Re3 {dalje necitko...73 moves} 0-1

[Event "Druga liga Srbije- Grupa Vojvodina 2014"]
[Site "Kac, hotel "]
[Date "2014.11.11"]
[Round "5.6"]
[White "Strbac, Mladen"]
[Black "Skoko, Milan"]
[Result "1/2-1/2"]
[WhiteElo "2298"]
[BlackElo "2199"]
[PlyCount "71"]
[EventDate "2014.11.08"]

1. e4 c5 2. Nf3 Nc6 3. d4 cxd4 4. Nxd4 Nf6 5. Nc3 e5 6. Ndb5 d6 7. Bg5 a6 8.
Bxf6 gxf6 9. Na3 Be6 10. Nc4 Rc8 11. Nd5 b5 12. Nce3 Rg8 13. c3 Bh6 14. a4 Bxe3
15. Nxe3 Qb6 16. axb5 axb5 17. Qxd6 Rd8 18. Qa3 Rb8 19. Be2 b4 20. Qa4 Kf8 21.
O-O Kg7 22. Qa6 Qc5 23. Rfc1 Rb6 24. Qa4 bxc3 25. bxc3 Rb2 26. Bf1 Rd8 27. Qa3
Qb6 28. c4 Rdd2 29. c5 Qd8 30. Rd1 Qd4 31. Rxd2 Qxd2 32. Nd1 Rb3 33. Qa2 Qd4
34. Qa4 Rb4 35. Qa3 Rb3 36. Qa4 1/2-1/2

[Event "Druga liga Srbije- Grupa Vojvodina 2014"]
[Site "Kac, hotel "]
[Date "2014.11.11"]
[Round "6.1"]
[White "Kopasz, Robert"]
[Black "Bokros, Albert"]
[Result "0-1"]
[WhiteElo "2322"]
[BlackElo "2485"]
[PlyCount "88"]
[EventDate "2014.11.08"]

1. e4 c5 2. b3 b6 3. Bb2 Bb7 4. Qe2 e6 5. Nf3 Nc6 6. g3 d6 7. Bg2 Nf6 8. O-O
Be7 9. d4 cxd4 10. Nxd4 Nxd4 11. Bxd4 O-O 12. Rd1 Nd7 13. c4 Qc7 14. Nc3 Rac8
15. Rd2 a6 16. Rc1 Rfe8 17. Rdc2 Qb8 18. h3 Bc6 19. Nd1 Qb7 20. f3 Qb8 21. Ne3
Bf8 22. Qf2 Ba8 23. Kh2 h6 24. Qd2 Ne5 25. Bb2 Ng6 26. Rf1 b5 27. f4 bxc4 28.
bxc4 h5 29. h4 Bc6 30. Nd1 Qb7 31. Nf2 Rcd8 32. Bd4 e5 33. Rb2 Qe7 34. Be3 exf4
35. Bxf4 Ne5 36. Qe2 g6 37. Rb6 Qa7 38. Rfb1 Rc8 39. Bh3 Rc7 40. Be3 Qa8 41. c5
Bxe4 42. Rxa6 Nf3+ 43. Qxf3 Bxf3 44. Rxa8 Rxa8 0-1

[Event "Druga liga Srbije- Grupa Vojvodina 2014"]
[Site "Kac, hotel "]
[Date "2014.11.11"]
[Round "6.1"]
[White "Somborski, Nebojsa"]
[Black "Simonyi, Zoltan"]
[Result "1/2-1/2"]
[WhiteElo "2318"]
[BlackElo "2282"]
[PlyCount "120"]
[EventDate "2014.11.08"]

1. e4 e6 2. d4 d5 3. Nd2 c5 4. exd5 exd5 5. Ngf3 Nc6 6. Bb5 Bd6 7. dxc5 Bxc5 8.
O-O Nge7 9. Nb3 Bd6 10. Re1 O-O 11. Bg5 Qc7 12. Bh4 Bg4 13. Bg3 Rad8 14. Be2
Nf5 15. Bxd6 Qxd6 16. Nfd4 Nfxd4 17. Nxd4 Qf6 18. Nxc6 Bxe2 19. Qd4 Qxc6 20.
Rxe2 Qa6 21. Re7 Rd6 22. h3 h6 23. Rae1 Qb6 24. Qxb6 Rxb6 25. b3 Rc8 26. Re8+
Rxe8 27. Rxe8+ Kh7 28. Re7 Rc6 29. Rxb7 Rxc2 30. Rxa7 Kg6 31. Rd7 Rxa2 32. Rxd5
Rb2 33. Rd3 f5 34. g3 Kf6 35. h4 g5 36. Rd6+ Ke5 37. Rxh6 gxh4 38. Rxh4 Rxb3
39. Ra4 Kf6 40. Kg2 Kg5 41. Ra8 Rb4 42. Rg8+ Kf6 43. Rf8+ Kg5 44. f3 Rb3 45.
Rg8+ Kf6 46. Re8 Rb2+ 47. Kh3 Rb6 48. Kh4 Kg6 49. Rg8+ Kf6 50. Kh5 Rb3 51. f4
Ra3 52. Kh4 Ra1 53. Rf8+ Kg6 54. Rg8+ Kf6 55. Kh3 Ra2 56. Rb8 Ra6 57. Kh4 Kg6
58. Rg8+ Kf6 59. Kh5 Ra3 60. Kh4 Ra6 1/2-1/2

[Event "Druga liga Srbije- Grupa Vojvodina 2014"]
[Site "Kac, hotel "]
[Date "2014.11.11"]
[Round "6.1"]
[White "Nagy, Attila N"]
[Black "Bodiroga, Predrag"]
[Result "0-1"]
[WhiteElo "2221"]
[BlackElo "2358"]
[PlyCount "99"]
[EventDate "2014.11.08"]

1. Nf3 d5 2. g3 Bg4 3. Ne5 Bf5 4. Bg2 Nd7 5. d4 e6 6. O-O Ngf6 7. c4 c6 8. Nc3
Be7 9. h3 h6 10. Be3 O-O 11. cxd5 exd5 12. g4 Bh7 13. f4 Ne8 14. f5 Bf6 15. Bf4
Qe7 16. Nxd7 Qxd7 17. Qd2 Nd6 18. Rad1 Rad8 19. b3 Rfe8 20. e3 Bg5 21. Bxg5
hxg5 22. e4 Nxe4 23. Bxe4 dxe4 24. Qxg5 e3 25. Rfe1 Qd6 26. Kg2 f6 27. Qh4 Qb4
28. Rd3 c5 29. d5 Bxf5 30. Rdxe3 Rxe3 31. Rxe3 Bg6 32. Qg3 Qd4 33. Qe1 b5 34.
Nxb5 Qxd5+ 35. Kg1 Qd7 36. a4 a6 37. Nc3 Qd4 38. Kh2 Qf4+ 39. Kg2 c4 40. bxc4
Qxc4 41. Qe2 Qc6+ 42. Kh2 Rc8 43. Qd2 Kh7 44. Qd4 Qc7+ 45. Kg2 Rd8 46. Qb4 Qc6+
47. Kg3 Rd2 48. Ne2 Ra2 49. a5 Qc7+ 50. Nf4 0-1

[Event "Druga liga Srbije- Grupa Vojvodina 2014"]
[Site "Kac, hotel "]
[Date "2014.11.11"]
[Round "6.1"]
[White "Juhasz, Bencze"]
[Black "Perisic, Radivoj"]
[Result "0-1"]
[WhiteElo "2145"]
[BlackElo "2323"]
[PlyCount "38"]
[EventDate "2014.11.08"]

1. e4 c5 2. Ne2 Nc6 3. d4 cxd4 4. Nxd4 Nf6 5. Nc3 d6 6. Bc4 Qb6 7. Nb3 e6 8.
Be3 Qc7 9. f4 a6 10. a4 b6 11. O-O Bb7 12. Nd4 Nxd4 13. Qxd4 d5 14. Bb5+ axb5
15. Nxb5 Qc6 16. Qe5 Bc5 17. Bd4 Bxd4+ 18. Qxd4 Qc5 19. Ra3 dxe4 0-1

[Event "Druga liga Srbije- Grupa Vojvodina 2014"]
[Site "Kac, hotel "]
[Date "2014.11.11"]
[Round "6.1"]
[White "Strbac, Mladen"]
[Black "Kaszas, Viktor"]
[Result "1-0"]
[WhiteElo "2298"]
[BlackElo "2039"]
[PlyCount "95"]
[EventDate "2014.11.08"]

1. e4 c5 2. Nf3 d6 3. d4 cxd4 4. Qxd4 Nc6 5. Bb5 Bd7 6. Bxc6 Bxc6 7. Nc3 Nf6 8.
Bg5 e6 9. O-O-O Be7 10. Qd3 O-O 11. Nd4 Qc7 12. f4 Rfc8 13. g4 Rab8 14. Bxf6
Bxf6 15. Kb1 b5 16. Nce2 b4 17. g5 Be7 18. h4 Qa5 19. Rh2 Rb6 20. Nxc6 Rbxc6
21. Nc1 Qc7 22. Rf2 a5 23. f5 exf5 24. exf5 a4 25. f6 Bf8 26. h5 a3 27. b3 Rc3
28. Qf5 Rg3 29. Qf4 Qc3 30. Nd3 Rh3 31. g6 Rxh5 32. gxf7+ Kh8 33. Rg1 g6 34.
Qxb4 Qxb4 35. Nxb4 Rc7 36. c4 Rxf7 37. Nd5 Bh6 38. Re1 Re5 39. Rxe5 dxe5 40.
Kc2 Bg5 41. Kd3 Bh4 42. Rf1 g5 43. Ke4 Bg3 44. c5 h5 45. c6 Rf8 46. c7 Rc8 47.
f7 Bf4 48. Ne7 1-0

[Event "Druga liga Srbije- Grupa Vojvodina 2014"]
[Site "Kac, hotel "]
[Date "2014.11.11"]
[Round "6.2"]
[White "Stojanovic, Dalibor"]
[Black "Indjic, Dusan"]
[Result "1-0"]
[WhiteElo "2504"]
[BlackElo "2287"]
[PlyCount "79"]
[EventDate "2014.11.08"]

1. e4 c5 2. Nf3 Nc6 3. Bb5 e6 4. Bxc6 bxc6 5. d3 f6 6. O-O e5 7. Nh4 g6 8. f4
d6 9. fxe5 dxe5 10. Nf3 Be6 11. b3 Ne7 12. Be3 Nc8 13. Qd2 Nb6 14. Qf2 Nd7 15.
Nc3 Bd6 16. Nd2 Rb8 17. Nc4 Be7 18. Na4 Rb5 19. Na3 Ra5 20. Bd2 Ra6 21. Nc4
Bxc4 22. dxc4 O-O 23. Rad1 Qc7 24. Be3 Rd8 25. Rd3 Rxa4 26. bxa4 Nb6 27. Bxc5
Rxd3 28. cxd3 Kg7 29. a5 Na4 30. Bxe7 Qxe7 31. d4 Nc3 32. dxe5 Qxe5 33. Qxa7+
Kh6 34. Qe3+ Kg7 35. a6 Qa5 36. a7 Na4 37. e5 f5 38. e6 Kf8 39. e7+ Ke8 40. Rd1
1-0

[Event "Druga liga Srbije- Grupa Vojvodina 2014"]
[Site "Kac, hotel "]
[Date "2014.11.11"]
[Round "6.2"]
[White "Stamenkovic, Aleksandar"]
[Black "Ratkovic, Miloje"]
[Result "1/2-1/2"]
[WhiteElo "2284"]
[BlackElo "2376"]
[PlyCount "40"]
[EventDate "2014.11.08"]

1. d4 Nf6 2. Nf3 e6 3. c4 Bb4+ 4. Bd2 a5 5. g3 d6 6. Bg2 Nbd7 7. O-O Bxd2 8.
Qxd2 O-O 9. Nc3 e5 10. e4 Re8 11. Rfe1 Nb6 12. b3 Bg4 13. Nh4 Nfd7 14. f4 f6
15. h3 Bh5 16. Nf5 Bg6 17. Ne3 exd4 18. Qxd4 Nc5 19. Rad1 Bf7 20. Kh2 Qd7
1/2-1/2

[Event "Druga liga Srbije- Grupa Vojvodina 2014"]
[Site "Kac, hotel "]
[Date "2014.11.11"]
[Round "6.2"]
[White "Ratkovic, Milovan"]
[Black "Stanojevic, Branko"]
[Result "1-0"]
[WhiteElo "2332"]
[BlackElo "2247"]
[PlyCount "63"]
[EventDate "2014.11.08"]

1. d4 Nf6 2. c4 c5 3. d5 d6 4. Nc3 g6 5. e4 Bg7 6. h3 O-O 7. Nf3 e6 8. Bd3 a6
9. a4 b6 10. O-O Ra7 11. Be3 h6 12. Qd2 Kh7 13. Rab1 a5 14. Nb5 Ra8 15. Nxd6
Qxd6 16. e5 Qd8 17. exf6 Qxf6 18. Bf4 exd5 19. Be5 Qd8 20. cxd5 Nd7 21. Bxg7
Kxg7 22. Rbd1 Ba6 23. Bxa6 Rxa6 24. Rfe1 Ra8 25. d6 Qf6 26. Re7 Rad8 27. Qe2 c4
28. Qxc4 Qxb2 29. Nd4 Nc5 30. d7 Rxd7 31. Ne6+ Kg8 32. Rdxd7 1-0

[Event "Druga liga Srbije- Grupa Vojvodina 2014"]
[Site "Kac, hotel "]
[Date "2014.11.11"]
[Round "6.2"]
[White "Kovacevic, Dragan"]
[Black "Vucinic, Gojko"]
[Result "1/2-1/2"]
[WhiteElo "2251"]
[BlackElo "2296"]
[PlyCount "59"]
[EventDate "2014.11.08"]

1. e4 c5 2. Nf3 d6 3. Bb5+ Nd7 4. O-O a6 5. Bxd7+ Bxd7 6. Re1 Nf6 7. d4 cxd4 8.
Qxd4 e5 9. Qd3 h6 10. c4 b5 11. Na3 Qb8 12. b3 Be7 13. Bb2 O-O 14. Rad1 Rd8 15.
Nd2 Bc6 16. Kh1 Qb7 17. f3 Rac8 18. Qe2 Nh5 19. g3 Qd7 20. Nc2 Bg5 21. Ne3 Bxe3
22. Qxe3 f5 23. exf5 bxc4 24. bxc4 Qxf5 25. Kg1 Nf6 26. Ba3 d5 27. Be7 Rd7 28.
Bxf6 Qxf6 29. cxd5 Bxd5 30. Ne4 1/2-1/2

[Event "Druga liga Srbije- Grupa Vojvodina 2014"]
[Site "Kac, hotel "]
[Date "2014.11.11"]
[Round "6.2"]
[White "Munizaba, Slobodan"]
[Black "Kovacevic, Djordje"]
[Result "1-0"]
[WhiteElo "2335"]
[BlackElo "2122"]
[PlyCount "69"]
[EventDate "2014.11.08"]

1. c4 Nf6 2. Nf3 e6 3. b3 d5 4. Bb2 c5 5. e3 Nc6 6. cxd5 exd5 7. Be2 Be7 8. O-O
O-O 9. d4 cxd4 10. Nxd4 Nxd4 11. Qxd4 Be6 12. Nc3 a6 13. Rfd1 Qa5 14. a3 Qc5
15. Qd3 b5 16. Bf3 Rfd8 17. Ne2 Rac8 18. Nd4 Qb6 19. a4 bxa4 20. Rxa4 a5 21.
Bc3 Bb4 22. Bxb4 axb4 23. Ra6 Qb7 24. Nxe6 fxe6 25. Rxe6 Rc3 26. Qf5 Qf7 27. g4
h6 28. Rd4 Rxb3 29. Rxf6 Qxf6 30. Bxd5+ Rxd5 31. Qxd5+ Qf7 32. Qe4 g6 33. Rd8+
Kh7 34. Qd4 Rb1+ 35. Kg2 1-0

[Event "Druga liga Srbije- Grupa Vojvodina 2014"]
[Site "Kac, hotel "]
[Date "2014.11.11"]
[Round "6.2"]
[White "Skoko, Milan"]
[Black "Orlov, Konstantin"]
[Result "1/2-1/2"]
[WhiteElo "2199"]
[BlackElo "2224"]
[PlyCount "39"]
[EventDate "2014.11.08"]

1. e4 c5 2. c3 Nf6 3. e5 Nd5 4. d4 cxd4 5. Nf3 Nc6 6. cxd4 d6 7. Nc3 dxe5 8.
dxe5 Nxc3 9. Qxd8+ Nxd8 10. bxc3 Nc6 11. Be3 g6 12. Bb5 Bg7 13. O-O O-O 14.
Bxc6 bxc6 15. Bc5 Re8 16. Rfe1 Be6 17. Nd4 Bd5 18. a4 a6 19. a5 Rab8 20. Bb6
1/2-1/2